书目信息 |
| 题名: |
穆旦代表作
|
|
| 作者: | 穆旦 著 | |
| 分册: | ||
| 出版信息: | 北京 华夏出版社 1999.10 |
|
| 页数: | ||
| 开本: | ||
| 丛书名: | ||
| 单 册: | ||
| 中图分类: | I227 | |
| 科图分类: | ||
| 主题词: | 诗歌--中国 , 韵文--中国 | |
| 电子资源: | ||
| ISBN: | 7-5080-1760-9 | |
| 000 | 00514nam0 2200193 45 | |
| 001 | 0008180976 | |
| 005 | 20000818095422.0 | |
| 010 | @a7-5080-1760-9@d12.00元 | |
| 100 | @a20000818d1999 km y0chiy0120 ea | |
| 101 | 0 | @achi |
| 105 | @a z 000yy | |
| 200 | 1 | @a穆旦代表作@AMu Dan Dai Biao Zuo@f穆旦著@FMu Dan Zhu |
| 210 | @a北京@c华夏出版社@d1999.10 | |
| 606 | 0 | @a诗歌@x中国 |
| 606 | 0 | @a韵文@x中国 |
| 690 | @aI227@v3 | |
| 701 | 0 | @a穆旦@4著 |
| 801 | @aCN@bPftUser@c20000818 | |
| 905 | @b109756-758@dI227@eM.186@f3 | |
| 穆旦代表作/穆旦著.-北京:华夏出版社,1999.10 |
| ISBN 7-5080-1760-9:12.00元 |
| ● |
| 相关链接 |
|
|
|
正题名:穆旦代表作
索取号:I227/M.186
 
预约/预借
| 序号 | 登录号 | 条形码 | 馆藏地/架位号 | 状态 | 备注 |
| 1 | 109756 | 201097561 | 文学库108/108文学库 18排7列3层/ [索取号:I227/M.186] | 在馆 | |
| 2 | 109757 | 201097570 | 文学库108/108文学库 18排7列3层/ [索取号:I227/M.186] | 在馆 | |
| 3 | 109758 | 201097589 | 社科二线400B/400B社科库 13排2列2层/ [索取号:I227/M.186] | 在馆 |